Analýza efektívnosti výberu DPH na Slovensku

Efektívny výber DPH predstavuje veľmi dôležitú zložku pre napĺňanie príjmovej stránky štátneho rozpočtu každého štátu. Dôležitosť efektivity výberu daní potvrdzuje aj Európska únia. Európska komisia v pravidelných odporúčaniach členským krajinám EÚ vydala pre Slovensko niekoľko dôležitých odporúčaní...

Descripción completa

Guardado en:
Detalles Bibliográficos
Autor principal: Bánociová, Anna
Otros Autores: Vravec, Ján
Formato: Capítulo de libro
Lenguaje:eslovaco
Materias:
Etiquetas: Agregar Etiqueta
Sin Etiquetas, Sea el primero en etiquetar este registro!

MARC

LEADER 00000nla a2200000 4500
001 0210270
005 20240417075102.6
041 0 |a slo 
044 |a SK 
245 1 0 |a Analýza efektívnosti výberu DPH na Slovensku  |c Anna Bánociová, Ján Vravec 
520 |a Efektívny výber DPH predstavuje veľmi dôležitú zložku pre napĺňanie príjmovej stránky štátneho rozpočtu každého štátu. Dôležitosť efektivity výberu daní potvrdzuje aj Európska únia. Európska komisia v pravidelných odporúčaniach členským krajinám EÚ vydala pre Slovensko niekoľko dôležitých odporúčaní. Okrem zlepšenia efektivity vynaložených nákladov v zdravotníctve, boja s nezamestnanosťou a podporu vzdelávania, skvalitňovania investičného prostredia a verejného obstarávania, Slovensko by malo zabezpečiť vyšší výber daní. Efektívny výber DPH predstavuje jeden zo základných predpokladov úspešného rozvoja slovenského národného hospodárstva. 
610 2 0 |a Slovensko 
610 2 0 |a Európska únia 
610 2 0 |a zdaňovanie 
610 2 0 |a priznania daňové 
610 2 0 |a dane z hodnoty pridanej 
100 1 |a Bánociová, Anna 
700 1 |a Vravec, Ján